[Event "Harburg-chE 12th"]
[Site "Hamburg"]
[Date "2017.08.06"]
[Round "5"]
[White "Raedisch, Peter"]
[Black "Lochmann, Viktor"]
[Result "0-1"]
[WhiteElo "1557"]
[BlackElo "1575"]
[PlyCount "98"]
[EventDate "2017.08.06"]
[EventType "tourn"]
[EventRounds "5"]
[EventCountry "GER"]
[SourceTitle "CBM 180 Extra"]
[Source "ChessBase"]
[SourceDate "2017.10.06"]
[SourceVersion "1"]
[SourceVersionDate "2017.10.06"]
[SourceQuality "1"]

1. e4 d6 2. Nf3 Nf6 3. Nc3 Nc6 4. Bc4 g6 5. a3 Bg7 6. d3 0-0 7. Bd2 Bg4 8. h3 Bd7 9. Qc1 a6 10. Bh6 b5 11. Bxg7 Kxg7 12. Ba2 Na5 13. Qg5 e5 14. Qd2 c6 15. Ng5 d5 16. exd5 cxd5 17. Nxd5 Nxd5 18. Bxd5 Rc8 19. Ba2 f6 20. Ne6+ Bxe6 21. Bxe6 Rc6 22. Ba2 Rd6 23. Qb4 Nc6 24. Qg4 Nd4 25. Rc1 f5 26. Qg3 Qe7 27. Kf1 f4 28. Qg4 h5 29. Qd1 e4 30. Qe1 e3 31. f3 e2+ 32. Kg1 Qg5 33. Kh2 Re8 34. Rg1 Re3 35. Qf2 h4 36. Kh1 Rd8 37. Qe1 Nf5 38. Qc3+ Qf6 39. Qxf6+ Kxf6 40. Rge1 Rde8 41. Bd5 Ng3+ 42. Kg1 Ke5 43. Bf7 Re7 44. Bxg6 Nf1 45. Kf2 Ng3 46. b3 Rg7 47. Be8 Kd6 48. Rxe2 Rxe2+ 49. Kg1 Rxe8 0-1

[Event "Hamburg-ch Seniors 23rd"]
[Site "Hamburg"]
[Date "2016.11.09"]
[Round "8"]
[White "Stepien, Tomasz"]
[Black "Lochmann, Viktor"]
[Result "0-1"]
[WhiteElo "1317"]
[BlackElo "1689"]
[PlyCount "94"]
[EventDate "2016.11.02"]
[EventType "swiss"]
[EventRounds "9"]
[EventCountry "GER"]
[SourceTitle "EXT 2019"]
[Source "ChessBase"]
[SourceDate "2018.10.10"]
[SourceVersion "1"]
[SourceVersionDate "2018.10.10"]
[SourceQuality "1"]

1. d4 Nf6 2. c4 e6 3. Nc3 b6 4. Nf3 Bb7 5. Qc2 Bb4 6. Bg5 0-0 7. g3 h6 8. Bd2 Bxc3 9. Bxc3 Ne4 10. Bg2 Nxc3 11. bxc3 d6 12. 0-0 c5 13. Rad1 Nd7 14. e4 Qf6 15. e5 dxe5 16. dxe5 Qe7 17. Rfe1 Rfd8 18. Rd6 Rac8 19. Red1 Bxf3 20. Bxf3 Nxe5 21. Rxd8+ Rxd8 22. Rxd8+ Qxd8 23. Qe2 Nxf3+ 24. Qxf3 Qd7 25. Qa8+ Kh7 26. Qe4+ f5 27. Qc2 Qc6 28. a4 Qf3 29. Qd2 Qc6 30. Qc2 Kg6 31. Qb3 Qe4 32. Qb5 Qb7 33. a5 Kf6 34. a6 Qc8 35. h4 g5 36. h5 Ke7 37. f3 Qe8 38. Qxe8+ Kxe8 39. Kf2 Kd7 40. Ke3 Kc6 41. g4 b5 42. Kd3 Kb6 43. cxb5 Kxb5 44. c4+ Kxa6 45. Kc3 Kb6 46. Kb3 Kc6 47. Ka4 fxg4 0-1

[Event "Harburg-chB 11th"]
[Site "Hamburg"]
[Date "2016.10.02"]
[Round "3"]
[White "Lochmann, Viktor"]
[Black "Baldauf, Karsten"]
[Result "1/2-1/2"]
[WhiteElo "1701"]
[BlackElo "1654"]
[PlyCount "92"]
[EventDate "2016.10.01"]
[EventType "swiss"]
[EventRounds "5"]
[EventCountry "GER"]
[SourceTitle "EXT 2018"]
[Source "ChessBase"]
[SourceDate "2017.10.13"]
[SourceVersion "1"]
[SourceVersionDate "2017.10.13"]
[SourceQuality "1"]

1. e4 c5 2. Nc3 a6 3. g3 Nc6 4. Bg2 e5 5. d3 d6 6. Nd5 Nge7 7. f4 Be6 8. Nc3 g6 9. fxe5 Nxe5 10. Nf3 Bg4 11. 0-0 Bg7 12. h3 Nxf3+ 13. Bxf3 Bxh3 14. Bg2 Qd7 15. Qf3 0-0 16. Ne2 Bxg2 17. Kxg2 Nc6 18. c3 Rae8 19. Nf4 f5 20. Qe2 fxe4 21. dxe4 Ne5 22. Be3 Nf7 23. Qd3 Qb5 24. Qc2 Qc4 25. Nd5 Qxe4+ 26. Qxe4 Rxe4 27. Rad1 Re6 28. Rfe1 g5 29. Bf2 Rxe1 30. Bxe1 Re8 31. Kf1 Kf8 32. a4 Re4 33. b3 Ke8 34. Kf2 Re5 35. g4 Kd7 36. Kf3 b5 37. Ne3 Re6 38. Nf5 Be5 39. axb5 axb5 40. Ra1 Kc6 41. b4 Bf4 42. Bf2 Ne5+ 43. Kg2 Nxg4 44. Bg1 h5 45. bxc5 Ne3+ 46. Bxe3 Rxe3 1/2-1/2

[Event "Hamburg HSK Christmas op 1st"]
[Site "Hamburg"]
[Date "2015.12.29"]
[Round "6"]
[White "Lochmann, Viktor"]
[Black "Hourigan, Gerrit"]
[Result "0-1"]
[WhiteElo "1798"]
[BlackElo "1621"]
[PlyCount "98"]
[EventDate "2015.12.27"]
[EventType "swiss"]
[EventRounds "7"]
[EventCountry "GER"]
[SourceTitle "EXT 2022"]
[Source "ChessBase"]
[SourceDate "2021.10.06"]
[SourceVersion "1"]
[SourceVersionDate "2021.10.06"]
[SourceQuality "1"]

1. Nf3 d5 2. b3 Nf6 3. Bb2 e6 4. d3 Be7 5. Nbd2 c5 6. e3 Nc6 7. Ne5 Nxe5 8. Bxe5 0-0 9. f4 b6 10. Be2 Bb7 11. 0-0 Nd7 12. Bb2 Qc7 13. Nf3 Bd6 14. c4 e5 15. fxe5 Nxe5 16. Nxe5 Bxe5 17. d4 Bxh2+ 18. Kh1 dxc4 19. Bxc4 Qg3 20. d5 Qh4 21. Rf3 Bg3+ 22. Kg1 Qh2+ 23. Kf1 Qh1+ 24. Ke2 Qxg2+ 25. Kd3 b5 26. Bc3 bxc4+ 27. bxc4 Bc7 28. Rb1 Bc8 29. Rb2 Qg6+ 30. e4 f6 31. Qh1 Bg4 32. Rf1 Be5 33. Rbf2 Rae8 34. Bd2 Qh5 35. Qxh5 Bxh5 36. Rg2 Bg6 37. Rfg1 Bd4 38. Rxg6 hxg6 39. Rxg6 Re5 40. Rg4 Rh5 41. Ba5 Rh3+ 42. Kc2 Rb8 43. Bd2 Rb2+ 44. Kd1 Rxa2 45. d6 Rh1+ 46. Ke2 Rh2+ 47. Kf3 Raxd2 48. d7 Be5 49. Rxg7+ Kxg7 0-1

[Event "Hamburg-ch MB"]
[Site "Hamburg"]
[Date "2015.05.26"]
[Round "4"]
[White "Lochmann, Viktor"]
[Black "Wrobel, Eduard"]
[Result "0-1"]
[WhiteElo "1789"]
[BlackElo "1734"]
[PlyCount "64"]
[EventDate "2015.05.23"]
[EventType "swiss"]
[EventRounds "9"]
[EventCountry "GER"]
[SourceTitle "EXT 2022"]
[Source "ChessBase"]
[SourceDate "2021.10.06"]
[SourceVersion "1"]
[SourceVersionDate "2021.10.06"]
[SourceQuality "1"]

1. Nf3 c5 2. b3 d6 3. Bb2 Bg4 4. e4 e6 5. Bb5+ Nd7 6. 0-0 a6 7. Be2 Ngf6 8. d3 Be7 9. Nbd2 b5 10. a4 0-0 11. e5 Nd5 12. exd6 Bxd6 13. Ne4 Bf4 14. h3 Bh5 15. g3 Bc7 16. axb5 axb5 17. Kg2 b4 18. Nfg5 Bg6 19. f4 h6 20. Qd2 hxg5 21. Nxg5 N7f6 22. Bf3 Nh5 23. Ne4 Rxa1 24. Rxa1 Bxe4 25. Bxe4 f5 26. Bf3 Qe8 27. Qf2 Qg6 28. Bxh5 Qxh5 29. Ra7 Rf7 30. Qxc5 Qe2+ 31. Qf2 Qxf2+ 32. Kxf2 Bb6+ 0-1

[Event "Hamburg-ch Seniors 21st"]
[Site "Hamburg"]
[Date "2014.11.05"]
[Round "8"]
[White "Lochmann, Viktor"]
[Black "Biermann Ratjen, Mathias"]
[Result "1-0"]
[WhiteElo "1619"]
[BlackElo "1743"]
[PlyCount "121"]
[EventDate "2014.10.29"]
[EventType "swiss"]
[EventRounds "9"]
[EventCountry "GER"]
[SourceTitle "EXT 2018"]
[Source "ChessBase"]
[SourceDate "2017.10.13"]
[SourceVersion "1"]
[SourceVersionDate "2017.10.13"]
[SourceQuality "1"]

1. Nf3 g6 2. e3 Bg7 3. d4 c5 4. c4 Nf6 5. Nc3 cxd4 6. exd4 0-0 7. Be2 d5 8. b3 Nc6 9. Be3 e6 10. a3 a6 11. c5 Qc7 12. Na4 Nd7 13. Rc1 b5 14. cxb6 Nxb6 15. Nxb6 Qxb6 16. b4 Bd7 17. Rc5 Rfc8 18. Qd2 Bf8 19. Rc3 f6 20. 0-0 Be7 21. Rfc1 Bd6 22. g3 Na7 23. h4 Rxc3 24. Rxc3 Bb5 25. Bd1 Bc4 26. Qc2 Rc8 27. Nd2 Qb5 28. Nxc4 Rxc4 29. Rxc4 Qxc4 30. Qxc4 dxc4 31. Be2 Nb5 32. Bxc4 Nxa3 33. Bxe6+ Kf8 34. Bh6+ Ke7 35. Bg8 Bxb4 36. Bxh7 Kf7 37. h5 g5 38. Bd3 a5 39. f4 Be7 40. Kf2 Ke6 41. Ke3 Kd5 42. Be4+ Kc4 43. Bg7 Kc3 44. fxg5 Nc4+ 45. Ke2 a4 46. gxf6 Bd6 47. f7 a3 48. Bd5 a2 49. Bxc4 Kxc4 50. d5 Kxd5 51. h6 Bf8 52. g4 a1Q 53. Bxa1 Bxh6 54. Kf3 Ke6 55. g5 Bf8 56. g6 Bh6 57. Kg4 Bf8 58. Kg5 Ke7 59. Kf5 Bh6 60. Bf6+ Kf8 61. Ke6 1-0

[Event "Hamburg-ch Seniors 21st"]
[Site "Hamburg"]
[Date "2014.11.02"]
[Round "5"]
[White "Wichmann, Dieter"]
[Black "Lochmann, Viktor"]
[Result "0-1"]
[WhiteElo "1380"]
[BlackElo "1619"]
[PlyCount "94"]
[EventDate "2014.10.29"]
[EventType "swiss"]
[EventRounds "9"]
[EventCountry "GER"]
[SourceTitle "EXT 2018"]
[Source "ChessBase"]
[SourceDate "2017.10.13"]
[SourceVersion "1"]
[SourceVersionDate "2017.10.13"]
[SourceQuality "1"]

1. d4 Nf6 2. Bf4 g6 3. e3 Bg7 4. Nf3 d6 5. c4 b6 6. Nc3 Bb7 7. Be2 Nbd7 8. 0-0 0-0 9. h3 Re8 10. Re1 a6 11. a4 e5 12. Bh2 e4 13. Nd2 Qe7 14. Qb3 Rac8 15. Bd1 Kh8 16. Bc2 Qd8 17. Qa2 Re7 18. d5 Nc5 19. Qb1 Qe8 20. b4 Nd3 21. Bxd3 exd3 22. Qxd3 Nd7 23. Nf3 f5 24. Ra2 Bf6 25. Kf1 Re4 26. Nxe4 fxe4 27. Qe2 exf3 28. Qxf3 Bc3 29. Rb1 Qe7 30. Ra3 Rf8 31. Qe2 Bg7 32. e4 Nf6 33. Re3 Nd7 34. Rf3 Re8 35. Re3 Bh6 36. Qb2+ Qf6 37. Qxf6+ Nxf6 38. Rf3 Nxe4 39. Rd1 Nd2+ 40. Kg1 Nxf3+ 41. gxf3 Bc8 42. Kg2 Re2 43. a5 Bf8 44. c5 bxa5 45. bxa5 Rb2 46. Re1 Rb8 47. Re8 Bxh3+ 0-1

[Event "Hamburg-chA"]
[Site "Hamburg"]
[Date "2014.06.08"]
[Round "2"]
[White "Lochmann, Viktor"]
[Black "Chaichi Tehrani, Fereydoon"]
[Result "1-0"]
[WhiteElo "1707"]
[BlackElo "1406"]
[PlyCount "81"]
[EventDate "2014.06.07"]
[EventType "swiss"]
[EventRounds "7"]
[EventCountry "GER"]
[SourceTitle "CBM 161 Extra"]
[Source "ChessBase"]
[SourceDate "2014.08.29"]
[SourceVersion "1"]
[SourceVersionDate "2014.08.29"]
[SourceQuality "1"]

1. Nf3 f5 2. b3 Nf6 3. Bb2 d6 4. d4 d5 5. e3 b6 6. Bb5+ Bd7 7. Qe2 Bxb5 8. Qxb5+ Qd7 9. Nc3 Qxb5 10. Nxb5 Kd7 11. Ne5+ Kc8 12. c4 a6 13. Nc3 Nbd7 14. Nf7 Rg8 15. cxd5 g5 16. Ne5 Ne4 17. Rc1 Bg7 18. Nc4 Nxc3 19. Rxc3 Nf6 20. Nxb6+ Kb7 21. Nxa8 Rxa8 22. Rc5 Ne4 23. Rc6 Rd8 24. Re6 Bf6 25. f3 Nd6 26. Ba3 f4 27. Bxd6 cxd6 28. Rxf6 exf6 29. e4 Rc8 30. Kd2 h5 31. Rc1 Rd8 32. Rc6 Rd7 33. Kd3 g4 34. Kc3 g3 35. h3 Re7 36. Kd3 f5 37. exf5 Re3+ 38. Kd2 Rxf3 39. gxf3 g2 40. Rc1 g1Q 41. Rxg1 1-0

[Event "Hamburg-chA"]
[Site "Hamburg"]
[Date "2014.06.07"]
[Round "1"]
[White "Vogel, Manfred"]
[Black "Lochmann, Viktor"]
[Result "1/2-1/2"]
[WhiteElo "1416"]
[BlackElo "1707"]
[PlyCount "65"]
[EventDate "2014.06.07"]
[EventType "swiss"]
[EventRounds "7"]
[EventCountry "GER"]
[SourceTitle "CBM 161 Extra"]
[Source "ChessBase"]
[SourceDate "2014.08.29"]
[SourceVersion "1"]
[SourceVersionDate "2014.08.29"]
[SourceQuality "1"]

1. d4 Nf6 2. Nf3 g6 3. Nc3 Bg7 4. Bf4 d6 5. Qd2 Nbd7 6. Bh6 0-0 7. Bxg7 Kxg7 8. e4 c5 9. d5 a6 10. a4 Ng4 11. Bd3 Nde5 12. Nxe5 Nxe5 13. f4 Nxd3+ 14. Qxd3 f5 15. 0-0 Qa5 16. e5 Bd7 17. Rfe1 Qb4 18. exd6 exd6 19. Ne2 Rae8 20. Qc3+ Qxc3 21. Nxc3 Kf7 22. a5 Rxe1+ 23. Rxe1 Rb8 24. b3 b5 25. axb6 Rxb6 26. Ra1 Bc8 27. Nd1 Rb4 28. Ra4 Rd4 29. Rxd4 cxd4 30. b4 Bb7 31. c4 dxc3 32. Nxc3 h6 33. h4 1/2-1/2

[Event "Hamburg Seniors-ch 20th"]
[Site "Hamburg"]
[Date "2013.11.02"]
[Round "4"]
[White "Lochmann, Viktor"]
[Black "Duemmke, Juergen"]
[Result "0-1"]
[WhiteElo "1690"]
[BlackElo "1880"]
[PlyCount "68"]
[EventDate "2013.10.30"]
[EventType "swiss"]
[EventRounds "9"]
[EventCountry "GER"]
[SourceTitle "EXT 2015"]
[Source "ChessBase"]
[SourceDate "2014.11.20"]
[SourceVersion "1"]
[SourceVersionDate "2014.11.20"]
[SourceQuality "1"]

1. e4 e5 2. Nf3 Nc6 3. Bc4 Nf6 4. Ng5 d5 5. exd5 b5 6. Nxf7 Kxf7 7. Bb3 Nd4 8. Nc3 Bd6 9. 0-0 a5 10. a4 b4 11. Nb5 Nxb3 12. cxb3 Bb7 13. d4 e4 14. Bg5 h6 15. Bh4 g5 16. Nxd6+ cxd6 17. Bg3 Bxd5 18. Rc1 Qd7 19. Re1 Rac8 20. h4 Rxc1 21. Qxc1 Rc8 22. Qd2 Qg4 23. hxg5 hxg5 24. Qe2 Rc1 25. Qe3 Rxe1+ 26. Qxe1 Qe6 27. Qe2 Kg6 28. Qa6 e3 29. fxe3 Qxe3+ 30. Bf2 Qe4 31. Qf1 Nh5 32. Kh2 Nf4 33. Bg3 Ne2 34. Bxd6 Qh4# 0-1

[Event "Hamburg-ch MB"]
[Site "Hamburg"]
[Date "2013.05.26"]
[Round "9"]
[White "Lochmann, Viktor"]
[Black "Tscherepanov, Leon"]
[Result "0-1"]
[WhiteElo "1819"]
[BlackElo "1882"]
[PlyCount "50"]
[EventDate "2013.05.18"]
[EventType "swiss"]
[EventRounds "9"]
[EventCountry "GER"]
[SourceTitle "EXT 2022"]
[Source "ChessBase"]
[SourceDate "2021.10.06"]
[SourceVersion "1"]
[SourceVersionDate "2021.10.06"]
[SourceQuality "1"]

1. e4 e6 2. d4 d5 3. Nd2 Nf6 4. e5 Nfd7 5. Bd3 c5 6. c3 Nc6 7. Ne2 f6 8. f4 fxe5 9. fxe5 cxd4 10. Nxd4 Nxd4 11. Qh5+ g6 12. Bxg6+ hxg6 13. Qxh8 Nc2+ 14. Kd1 Nxa1 15. Rf1 Qe7 16. Nf3 Qg7 17. Qh4 Nxe5 18. Nxe5 Qxe5 19. Rxf8+ Kxf8 20. Qd8+ Kf7 21. Bg5 Qg7 22. Qe7+ Kg8 23. Qe8+ Kh7 24. Qd8 e5 25. Bf6 Bg4+ 0-1

[Event "Hamburg-ch MB"]
[Site "Hamburg"]
[Date "2013.05.19"]
[Round "2"]
[White "Weidmann, Kevin"]
[Black "Lochmann, Viktor"]
[Result "0-1"]
[WhiteElo "1740"]
[BlackElo "1819"]
[PlyCount "124"]
[EventDate "2013.05.18"]
[EventType "swiss"]
[EventRounds "9"]
[EventCountry "GER"]
[SourceTitle "EXT 2022"]
[Source "ChessBase"]
[SourceDate "2021.10.06"]
[SourceVersion "1"]
[SourceVersionDate "2021.10.06"]
[SourceQuality "1"]

1. e4 c5 2. Nf3 d6 3. d4 cxd4 4. Nxd4 Nf6 5. Nc3 a6 6. Bc4 e6 7. Bb3 Be7 8. g4 h6 9. Rg1 Bd7 10. h4 Nc6 11. g5 hxg5 12. hxg5 Nxd4 13. Qxd4 e5 14. Qb4 Ng4 15. Qxb7 Nh2 16. Rg3 g6 17. Be3 Ng4 18. 0-0-0 Nxe3 19. fxe3 Qc8 20. Qxc8+ Rxc8 21. Nd5 Bc6 22. Nxe7 Kxe7 23. Rf3 Be8 24. Rdf1 Rh7 25. Bd5 a5 26. b3 Rh5 27. Bxf7 Rxg5 28. Bxe8 Rxe8 29. Rf7+ Kd8 30. R1f6 Rg1+ 31. Kd2 g5 32. Rxd6+ Kc8 33. Ke2 g4 34. Kf2 Rc1 35. Rc6+ Kb8 36. Rg7 Rf8+ 37. Kg2 Re1 38. Rc3 Rff1 39. Rxg4 Rg1+ 40. Kh3 Rh1+ 41. Kg3 Reg1+ 42. Kf2 Rxg4 43. Rc5 Rg5 44. Ke2 a4 45. Kd3 Ra1 46. bxa4 Rxa2 47. a5 Kb7 48. Kc3 Ka6 49. Rc8 Rxa5 50. Ra8+ Kb5 51. Rb8+ Ka4 52. Rb4+ Ka3 53. Rb3+ Ka2 54. Rb2+ Ka1 55. Rb3 Rc5+ 56. Kd3 Ka2 57. Rb8 Rg7 58. c3 Rgc7 59. Ra8+ Kb2 60. Rb8+ Kc1 61. Rb3 Rd7+ 62. Ke2 Kc2 0-1

[Event "Hamburg Seniors op 19th"]
[Site "Hamburg"]
[Date "2012.10.31"]
[Round "8"]
[White "Ziehm, Holger"]
[Black "Lochmann, Viktor"]
[Result "0-1"]
[WhiteElo "1523"]
[BlackElo "1727"]
[PlyCount "99"]
[EventDate "2012.10.24"]
[EventType "swiss"]
[EventRounds "9"]
[EventCountry "GER"]
[SourceTitle "EXT 2015"]
[Source "ChessBase"]
[SourceDate "2014.11.20"]
[SourceVersion "1"]
[SourceVersionDate "2014.11.20"]
[SourceQuality "1"]

1. e4 c5 2. Nc3 e5 3. Nf3 d6 4. Bc4 Be7 5. Nd5 Be6 6. Nxe7 Qxe7 7. Bxe6 Qxe6 8. 0-0 Ne7 9. d3 b5 10. Be3 f6 11. b3 Nbc6 12. a3 g5 13. c4 a6 14. Qd2 h6 15. Rfc1 b4 16. axb4 Nxb4 17. Ne1 h5 18. Nc2 Nbc6 19. b4 Nd4 20. Bxd4 exd4 21. b5 Qc8 22. Qa5 Kd7 23. Rcb1 axb5 24. Qxb5+ Qc6 25. Qxc6+ Nxc6 26. g3 Ne5 27. Ne1 Ke6 28. Kf1 Rxa1 29. Rxa1 Rb8 30. h3 Rb3 31. Rd1 Rb2 32. Kg2 g4 33. h4 f5 34. exf5+ Kxf5 35. Kf1 Ke6 36. Ng2 Ng6 37. Ke1 d5 38. Rd2 Rb1+ 39. Rd1 Rxd1+ 40. Kxd1 dxc4 41. dxc4 Ke5 42. Ke2 Ke4 43. Ne1 Ne5 44. Kd2 Nxc4+ 45. Ke2 Nb2 46. f4 gxf3+ 47. Nxf3 d3+ 48. Kf2 Nd1+ 49. Ke1 Kxf3 50. Kxd1 0-1

[Event "Hamburg Seniors op 19th"]
[Site "Hamburg"]
[Date "2012.10.30"]
[Round "7"]
[White "Lochmann, Viktor"]
[Black "Schulz, Wolfgang"]
[Result "0-1"]
[WhiteElo "1727"]
[BlackElo "1924"]
[PlyCount "62"]
[EventDate "2012.10.24"]
[EventType "swiss"]
[EventRounds "9"]
[EventCountry "GER"]
[SourceTitle "EXT 2015"]
[Source "ChessBase"]
[SourceDate "2014.11.20"]
[SourceVersion "1"]
[SourceVersionDate "2014.11.20"]
[SourceQuality "1"]

1. Nf3 g6 2. e4 Bg7 3. d4 c5 4. c3 Qa5 5. dxc5 Qxc5 6. Be3 Qc7 7. Be2 Nc6 8. Nbd2 Nf6 9. Nd4 0-0 10. 0-0 d5 11. Nb5 Qb8 12. f3 a6 13. Na3 b5 14. Nc2 Rd8 15. Qe1 Bb7 16. Qf2 Ne5 17. exd5 Nxd5 18. Bg5 h6 19. Bh4 Nf4 20. Nd4 Nfd3 21. Qe3 Nxb2 22. Rab1 Na4 23. Ne4 Qa7 24. Bf2 Rac8 25. f4 Nc4 26. Bxc4 Rxc4 27. Rfe1 Nxc3 28. Nxc3 Bxd4 29. Qxe7 Bxf2+ 30. Kf1 Rdc8 31. Rec1 Bxg2+ 0-1

[Event "Hamburg Seniors op 19th"]
[Site "Hamburg"]
[Date "2012.10.27"]
[Round "4"]
[White "Hawranke, Dietrich"]
[Black "Lochmann, Viktor"]
[Result "1/2-1/2"]
[WhiteElo "2053"]
[BlackElo "1727"]
[PlyCount "110"]
[EventDate "2012.10.24"]
[EventType "swiss"]
[EventRounds "9"]
[EventCountry "GER"]
[SourceTitle "EXT 2015"]
[Source "ChessBase"]
[SourceDate "2014.11.20"]
[SourceVersion "1"]
[SourceVersionDate "2014.11.20"]
[SourceQuality "1"]

1. d4 Nf6 2. Nf3 b6 3. e3 e6 4. Bd3 Bb7 5. c4 Be7 6. 0-0 0-0 7. Nc3 d5 8. b3 Nbd7 9. Bb2 Rc8 10. Qe2 c5 11. Rad1 Qc7 12. cxd5 Nxd5 13. Nxd5 exd5 14. Bf5 Rcd8 15. Rc1 Bf6 16. Rc2 g6 17. Bh3 Nb8 18. Rfc1 Ba6 19. Qd2 c4 20. Ne5 b5 21. Nd3 Be7 22. Nc5 Bc8 23. Bxc8 Qxc8 24. Qa5 a6 25. Qc3 Nc6 26. b4 f5 27. g3 Bd6 28. Qa3 Rf7 29. Bc3 Ra7 30. Qb2 Nxb4 31. Qxb4 Qc6 32. a4 Rb8 33. Rb2 a5 34. axb5 axb4 35. bxc6 bxc3 36. Rxb8+ Bxb8 37. Rxc3 Kf7 38. Rc1 Ke7 39. Rb1 Bc7 40. Nb7 Ra6 41. Rb5 Rxc6 42. Rxd5 c3 43. Rc5 Rxc5 44. Nxc5 c2 45. Nb3 Ba5 46. Kf1 Bd2 47. Ke2 c1Q 48. Nxc1 Bxc1 49. Kd3 Ke6 50. f3 g5 51. h3 h5 52. g4 fxg4 53. fxg4 h4 54. Kc4 Ba3 55. Kd3 Bc1 1/2-1/2

[Event "Hamburg Seniors op 19th"]
[Site "Hamburg"]
[Date "2012.10.26"]
[Round "3"]
[White "Lochmann, Viktor"]
[Black "Hermann, Armin"]
[Result "1-0"]
[WhiteElo "1727"]
[BlackElo "1552"]
[PlyCount "122"]
[EventDate "2012.10.24"]
[EventType "swiss"]
[EventRounds "9"]
[EventCountry "GER"]
[SourceTitle "EXT 2015"]
[Source "ChessBase"]
[SourceDate "2014.11.20"]
[SourceVersion "1"]
[SourceVersionDate "2014.11.20"]
[SourceQuality "1"]

1. Nf3 d5 2. b3 Nf6 3. Bb2 Nbd7 4. e3 e6 5. c4 c6 6. Be2 Be7 7. 0-0 0-0 8. d3 Re8 9. Nbd2 b6 10. Ne5 Bb7 11. f4 Rc8 12. Ndf3 dxc4 13. bxc4 c5 14. Bc3 h6 15. a4 Qc7 16. a5 Red8 17. Qb3 Bd6 18. Rfb1 Bxe5 19. Nxe5 Rb8 20. Qb2 Kf8 21. Nxd7+ Rxd7 22. Be5 Qc6 23. Bf3 Qc8 24. Bxb8 Qxb8 25. Bxb7 Rxb7 26. axb6 axb6 27. Ra6 Nd7 28. Rba1 Qd6 29. d4 f6 30. Ra8+ Kf7 31. R8a7 Qb8 32. Rxb7 Qxb7 33. Qc2 cxd4 34. exd4 Qc7 35. g3 e5 36. fxe5 fxe5 37. Rf1+ Kg8 38. Qd3 Qd6 39. d5 Qc5+ 40. Kg2 Nf6 41. Rxf6 gxf6 42. Qg6+ Kf8 43. Qxf6+ Ke8 44. Qxe5+ Kd7 45. Qg7+ Kc8 46. Qg8+ Kb7 47. Qg7+ Ka6 48. Qa1+ Kb7 49. Qa4 Qc7 50. Qb4 Kc8 51. Qf8+ Kb7 52. Qf4 Qg7 53. Kf3 Qc3+ 54. Kg4 Qg7+ 55. Kh5 Qb2 56. h4 Qg7 57. g4 Qh7 58. Qxh6 Qd3 59. Qc6+ Ka7 60. Qc7+ Ka6 61. g5 Qh7+ 1-0